[Event "Lleida Province-ch"]
[Site "Balaguer"]
[Date "2013.11.10"]
[Round "6"]
[White "Lara Dieguez, Federico"]
[Black "Blanch Plana, Josep Ramon"]
[Result "1/2-1/2"]
[WhiteElo "1926"]
[BlackElo "1729"]
[PlyCount "56"]
[EventDate "2013.10.06"]
[EventType "swiss"]
[EventRounds "9"]
[EventCountry "ESP"]
[SourceTitle "CBM 157 Extra"]
[Source "ChessBase"]
[SourceDate "2013.12.19"]
[SourceVersion "1"]
[SourceVersionDate "2013.12.19"]
[SourceQuality "1"]

1. e4 e6 2. d4 d5 3. Nc3 Bb4 4. e5 c5 5. Qg4 Ne7 6. dxc5 Bxc3+ 7. bxc3 Qa5 8. Qb4 Qc7 9. Nf3 Nbc6 10. Qf4 Ng6 11. Qg3 Bd7 12. Bd3 Ncxe5 13. Nxe5 Qxe5+ 14. Qxe5 Nxe5 15. Be2 Ba4 16. Rb1 Bc6 17. 0-0 0-0 18. Bb5 Rfc8 19. Bf4 Bxb5 20. Rxb5 Nc4 21. Rxb7 Rxc5 22. Rfb1 Rcc8 23. Re7 Re8 24. Rd7 Red8 25. Re7 Re8 26. Rd7 Nb6 27. Rb7 Nc4 28. Rd7 Red8 1/2-1/2